Доклады, записки, журналы заседаний и переписка о создании и деятельности комиссии по рассмотрению проектов оросительных работ в...

Доступно только в Электронных читальных залах Найти на картеНа карте
RUSMARC
00003759nmc2a22002413x 450
0017a86a88f-e15b-47a0-aac2-644f508e4769
00520210422183310.0
100##$a20201201l18961898k l0rusy0189 ca
1010#$arus
102##$aRU
105##$aa###
1222#$ad
2001#$aДоклады, записки, журналы заседаний и переписка о создании и деятельности комиссии по рассмотрению проектов оросительных работ в Туркестане
$j13 октября 1896 г. - 16 февраля 1898 г.
215##$a353 л.
$cчерт.
$d36,5х26 см
251##$cДело
300##$aДело
371##$aДокумент не является опубликованным и широко распространяемым
461#0$1001f84b5098-93bb-44b7-8a66-4b3b23ff1cd5
$12001
$aДоклады, предположения и переписка об исследовании в 1901 году торфяных болот и по разным вопросам торфяного дела
$1251
$cДело
$1852
$j341
462#0$10011ad45bc4-c305-4a1e-a4f9-e0213db6ead5
$12001
$aОпись № 1
$1251
$cОпись
$1852
$j1
801#0$aRU
$bРГИА
$c20201201
$gRCR
801#1$aRU
$bГлавНИВЦ
$c20201201
$2rusmarc
801#2$aRU
$bПБ им. Б.Н. Ельцина
$c20210422
$gRCR
$2rusmarc
850##$aРГИА
852##$aРГИА
$eФедеральное казенное учреждение "Российский государственный исторический архив" (РГИА)
$j123
937##$hРГИА
$d12354850
$aASBIBLIO_SCAN
035##$aRusGRCC00018497
856##$uhttp://readingroom.main.prlib.ru/item.aspx?id_node=n163112169&mode=full
Формат отображения